| 000 | 00569nam a22001817a 4500 | ||
|---|---|---|---|
| 003 | BD-DhUL | ||
| 005 | 20190630152148.0 | ||
| 008 | 170821s1940 ii ||||| |||| 000 0 urd d | ||
| 040 |
_aBD-DhUL _cBD-DhUL |
||
| 082 |
_a891.431 _bFAW |
||
| 100 | 3 | _aفانی بدایونی۔ | |
| 245 | 0 | 0 |
_aوجدانیات / _c فانی بدایونی۔ |
| 246 | _aWazdaniyat. | ||
| 260 |
_aحیدرآباد دکھن ؛ _bمطبع دار الکتابات پتلی باولی، _c۱۹۶۰۔ |
||
| 300 |
_aص۔ ۷۲ ؛ _c۱۸ سم۔ |
||
| 650 | 4 | _aUrdu poetry. | |
| 942 |
_2ddc _cBK |
||
| 999 |
_c248520 _d248520 |
||